000 01640nam a22003734i 4500
999 _c63694
_d63694
001 768714001
003 CO-MdFUSB
005 20200415142135.0
007 cr cn|||||||||
008 130717t2013 sp gsb 000 0 spa d
020 _a9788498309164
_qelectrónico
040 _aCO-MdFUSBC
_bspa.
_cCO-MdFUSB
_dCO-MdFUSBC
_erda
041 _aspa
082 0 4 _a230
_223
100 _aGoitia Munitxa, Xabier
_eautor
245 1 3 _aEl cristianismo roto (I) :
_bGénesis y evolución de las grandes Iglesias
_c/ Javier de Goitia.
_h[recurso electrónico]
264 1 _aEspaña :
_bUniversidad de Deusto,
_c[2013]
264 4 _c© 2013
300 _arecurso en línea (80 páginas)
_c;
336 _2rdacontent
_atexto
_btxt
337 _2rdamedia
_ainformático
_bc
338 _2rdacarrier
_aremoto
_bcr
347 _2rda
_afichero de texto
_bHtml
490 1 _aCuadernos de Teología Deusto
505 _aEsquema de las divisiones cristianas. -- Origen de las Confesiones. Arbol genealógico. -- Iglesias nacionales o pre-calcedonen. -- La Iglesia Ortodoxa (calcedonense). -- Iglesias Uniatas. -- Comunidades de la Reforma. Las «Iglesias de pueblo
516 _aTexto electrónico
538 _aAcceso a Internet; requiere usuario y clave asignada por la biblioteca
650 4 _aCristianismo.
830 _aCuadernos de Teología Deusto
_v12
856 4 0 _uhttp://site.ebrary.com/lib/unisbcsp/Doc?id=10732550
_b10732550
_zAbrir Versión electrónica del libro El Cristianismo roto (I) : Génesis y evolución de las grandes Iglesias
942 _cBK
945 _aJTF-925